00311 a2200133 450000100060000002000150000604000260002110000180004724000390006524500340010430000070013836200090014565000230015449306 a8502041746 cAnchieta - Bela Vista aGaldino, Luiz10aQuando vovô virou borboletalpor10aQuando vovô virou borboleta a460 a2003 4aLiteratura juvenil